Pakistan on the brink: the future of Pakistan, Afghanistan and the West (Record no. 11578)
[ view plain ]
| 000 -LEADER | |
|---|---|
| fixed length control field | 01231cam a2200241 i 4500 |
| 008 - FIXED-LENGTH DATA ELEMENTS--GENERAL INFORMATION | |
| fixed length control field | 111104s2012 nyub b 001 0 eng c |
| 020 ## - INTERNATIONAL STANDARD BOOK NUMBER | |
| International Standard Book Number | 9780670023462 |
| 040 ## - CATALOGING SOURCE | |
| Modifying agency | DLC |
| 082 00 - DEWEY DECIMAL CLASSIFICATION NUMBER | |
| Classification number | 954.91053 |
| Edition number | 23 |
| 100 1# - MAIN ENTRY--PERSONAL NAME | |
| Personal name | Rashid, Ahmed. |
| 245 10 - TITLE STATEMENT | |
| Title | Pakistan on the brink: the future of Pakistan, Afghanistan and the West |
| Statement of responsibility, etc. | Ahmed Rashid |
| 260 ## - PUBLICATION, DISTRIBUTION, ETC. | |
| Place of publication, distribution, etc. | New York : |
| Name of publisher, distributor, etc. | Viking, |
| Date of publication, distribution, etc. | [2012] |
| 300 ## - PHYSICAL DESCRIPTION | |
| Extent | xxi, 234 pages : |
| Other physical details | maps ; |
| Dimensions | 22 cm |
| 504 ## - BIBLIOGRAPHY, ETC. NOTE | |
| Bibliography, etc. note | Includes bibliographical references (pages 213-221) and index. |
| 505 0# - FORMATTED CONTENTS NOTE | |
| Formatted contents note | 1. Osama and Obama, legacy and inheritance -- 2. Pakistan in crisis -- 3. Pakistan: who betrayed whom? -- 4. Afghanistan: the first surge and the failure of elections -- 5. Afghanistan: political and military fault lines -- 6. Afghanistan: talking to the Taliban -- 7. A sliver of hope: counterinsurgency in Swat -- 8. Broken relations, crimes and misdemeanours -- 9. Changing the narrative, or preparing for the worst. |
| 650 #0 - SUBJECT ADDED ENTRY--TOPICAL TERM | |
| Topical term or geographic name entry element | Afghan War, 2001- |
| 651 #0 - SUBJECT ADDED ENTRY--GEOGRAPHIC NAME | |
| Geographic name | Pakistan |
| General subdivision | Foreign relations |
| 651 #0 - SUBJECT ADDED ENTRY--GEOGRAPHIC NAME | |
| Geographic name | Pakistan |
| General subdivision | Politics and government. |
| 651 #0 - SUBJECT ADDED ENTRY--GEOGRAPHIC NAME | |
| Geographic name | Afghanistan |
| General subdivision | Foreign relations. |
| 651 #0 - SUBJECT ADDED ENTRY--GEOGRAPHIC NAME | |
| Geographic name | Afghanistan |
| General subdivision | Politics and government. |
| 651 #0 - SUBJECT ADDED ENTRY--GEOGRAPHIC NAME | |
| Geographic name | United States |
| General subdivision | Foreign relations. |
| 942 ## - ADDED ENTRY ELEMENTS (KOHA) | |
| Source of classification or shelving scheme | |
| Koha item type | Book |
| Withdrawn status | Lost status | Damaged status | Not for loan | Collection code | Permanent Location | Current Location | Shelving location | Date acquired | Source of acquisition | Cost, normal purchase price | Total Checkouts | Total Renewals | Full call number | Barcode | Date last seen | Date last checked out | Price effective from | Koha item type |
|---|---|---|---|---|---|---|---|---|---|---|---|---|---|---|---|---|---|---|
| Central Library (CL) | Central Library (CL) | General Stacks | 01/24/2013 | Saeed Book Bank | 1116.00 | 8 | 3 | 954.91053 RAS | SEECS011952 | 11/26/2025 | 04/15/2022 | 02/08/2013 | Book |
